[Event "ESP-ch 88th"]
[Site "Marbella"]
[Date "2023.10.18"]
[Round "6"]
[White "Castell Cantero, Salvador"]
[Black "Zapata, Karen"]
[Result "1-0"]
[WhiteElo "2201"]
[BlackElo "2037"]
[PlyCount "87"]
[EventDate "2023.10.13"]
[EventType "swiss"]
[EventRounds "9"]
[EventCountry "ESP"]
[SourceTitle "Mega2024 Update 01"]
[Source "Chessbase"]
[SourceDate "2023.11.12"]
[SourceVersion "1"]
[SourceVersionDate "2023.11.12"]
[SourceQuality "1"]

1. d4 Nf6 2. c4 g6 3. Nc3 Bg7 4. e4 d6 5. f3 0-0 6. Be3 e5 7. d5 Nbd7 8. Nge2 a5 9. g4 h5 10. Bg5 hxg4 11. fxg4 Nc5 12. h3 Qd7 13. Ng3 Nh7 14. Be3 Bf6 15. Qf3 Qd8 16. Be2 Bg5 17. h4 Bxh4 18. Rxh4 Qxh4 19. 0-0-0 Qf6 20. Qg2 g5 21. Rh1 Qg7 22. Rh5 f6 23. Qf2 b6 24. Bxc5 bxc5 25. Nd1 c6 26. Ne3 cxd5 27. exd5 Rb8 28. Bd3 f5 29. Ngxf5 e4 30. Bxe4 Bxf5 31. Bxf5 Rxf5 32. Nxf5 Qe5 33. Rh6 Qf4+ 34. Qxf4 gxf4 35. Nxd6 f3 36. Ne4 Rf8 37. Nf2 Rf4 38. b3 Nf6 39. Kd2 Kg7 40. Rh1 Nxg4 41. Rg1 Rd4+ 42. Kc3 Kf6 43. Rxg4 Rxg4 44. Nxg4+ 1-0

[Event "ESP-ch 88th"]
[Site "Marbella"]
[Date "2023.10.13"]
[Round "1"]
[White "Pichot, Alan"]
[Black "Castell Cantero, Salvador"]
[Result "1-0"]
[WhiteElo "2650"]
[BlackElo "2201"]
[PlyCount "49"]
[EventDate "2023.10.13"]
[EventType "swiss"]
[EventRounds "9"]
[EventCountry "ESP"]
[SourceTitle "Mega2024 Update 01"]
[Source "Chessbase"]
[SourceDate "2023.11.12"]
[SourceVersion "1"]
[SourceVersionDate "2023.11.12"]
[SourceQuality "1"]

1. e4 c5 2. Nf3 Nc6 3. Bb5 e5 4. d3 Bd6 5. Bg5 Nge7 6. Nc3 a6 7. Bc4 b5 8. Bb3 h6 9. Bh4 Qa5 10. a4 b4 11. Nd5 Ng6 12. Nd2 c4 13. Nxc4 Qc5 14. Bg3 0-0 15. f4 Nxf4 16. Nxf4 exf4 17. Bf2 Nd4 18. c3 Be5 19. cxd4 Bxd4 20. 0-0 Bb7 21. Rc1 Rac8 22. Rc2 Bxf2+ 23. Rcxf2 d5 24. d4 Qc7 25. Ne5 1-0

[Event "Baleares-chT"]
[Site "Palma de Mallorca"]
[Date "2022.02.05"]
[Round "3.1"]
[White "Sig Vargas, Marcos"]
[Black "Castell Cantero, Salvador"]
[Result "1/2-1/2"]
[WhiteElo "2138"]
[BlackElo "2247"]
[PlyCount "72"]
[EventDate "2022.01.22"]
[EventType "team-tourn"]
[EventRounds "7"]
[EventCountry "ESP"]
[SourceTitle "EXT 2023"]
[Source "ChessBase"]
[SourceDate "2022.10.05"]
[SourceVersion "1"]
[SourceVersionDate "2022.10.05"]
[SourceQuality "1"]
[WhiteTeam "Puig den Valls"]
[BlackTeam "Agora Megaescacs"]
[WhiteTeamCountry "ESP"]
[BlackTeamCountry "ESP"]

1. e4 c5 2. Nc3 Nc6 3. f4 g6 4. Nf3 Bg7 5. Bb5 Nd4 6. 0-0 a6 7. Bd3 b5 8. Nxd4 Bxd4+ 9. Kh1 d6 10. Qe1 e6 11. Be2 Bb7 12. Bf3 Qc7 13. d3 Ne7 14. e5 Bxf3 15. Rxf3 dxe5 16. Ne4 exf4 17. Bxf4 Qc6 18. Nd6+ Kd7 19. c3 Bg7 20. Nxf7 Rhf8 21. Bh6 Nf5 22. Ne5+ Bxe5 23. Bxf8 Bc7 24. Qe4 Rxf8 25. Qxc6+ Kxc6 26. g4 Re8 27. gxf5 exf5 28. Raf1 f4 29. h4 h6 30. Rg1 Rg8 31. Kh2 g5 32. Kh3 Kd5 33. Rff1 Ke5 34. Kg4 h5+ 35. Kxh5 g4 36. Rxg4 Rh8+ 1/2-1/2

[Event "Mallorca-chT Preferente"]
[Site "Mallorca"]
[Date "2021.03.13"]
[Round "2"]
[White "Castell Cantero, Salvador"]
[Black "Redondo Pomar, Antonio"]
[Result "1-0"]
[WhiteElo "2191"]
[BlackElo "1918"]
[PlyCount "51"]
[EventDate "2021.03.06"]
[EventType "team-swiss"]
[EventRounds "7"]
[EventCountry "ESP"]
[SourceTitle "EXT 2023"]
[Source "ChessBase"]
[SourceDate "2022.10.05"]
[SourceVersion "1"]
[SourceVersionDate "2022.10.05"]
[SourceQuality "1"]
[WhiteTeam "Agora Megaescacs"]
[BlackTeam "Vuit Peons"]
[WhiteTeamCountry "ESP"]
[BlackTeamCountry "ESP"]

1. d4 d5 2. c4 e6 3. Nc3 c6 4. Nf3 dxc4 5. e4 b5 6. a4 Bb4 7. Be2 Nf6 8. Qc2 Bb7 9. 0-0 a6 10. Bg5 h6 11. Bh4 Be7 12. e5 Nd5 13. Bxe7 Nxe7 14. Ne4 Nf5 15. g4 Nxd4 16. Nxd4 Qxd4 17. Nd6+ Ke7 18. Nxb7 Qxe5 19. Bf3 Ra7 20. Na5 Rc7 21. Rad1 h5 22. Rfe1 Qf4 23. Qe4 Qg5 24. Qd4 Rd7 25. Nxc6+ Ke8 26. Qb6 1-0

[Event "Calvia Amateur op 17th"]
[Site "Calvia"]
[Date "2020.10.18"]
[Round "9"]
[White "Castell Cantero, Salvador"]
[Black "Napoli, Nicolo"]
[Result "0-1"]
[WhiteElo "2182"]
[BlackElo "2309"]
[PlyCount "93"]
[EventDate "2020.10.10"]
[EventType "swiss"]
[EventRounds "9"]
[EventCountry "ESP"]
[SourceTitle "CBM 198 Extra"]
[Source "ChessBase"]
[SourceDate "2020.11.30"]
[SourceVersion "1"]
[SourceVersionDate "2020.11.30"]
[SourceQuality "1"]

1. d4 g6 2. c4 Bg7 3. e4 c6 4. Nc3 d5 5. cxd5 cxd5 6. e5 Nc6 7. h3 f6 8. f4 Nh6 9. Be3 Nf5 10. Bf2 fxe5 11. fxe5 Bh6 12. Nf3 0-0 13. g4 Ne3 14. Bxe3 Bxe3 15. Ke2 Bf4 16. Qb3 e6 17. Rd1 Na5 18. Qc2 Nc4 19. Rd3 Bd7 20. b3 Na3 21. Qb2 Qe7 22. Kf2 Rac8 23. Be2 Rc7 24. Bd1 a5 25. Ne2 Bh6 26. Kg3 Rfc8 27. Ne1 Qb4 28. Rf1 Bb5 29. Rdf3 Nc4 30. Qa1 Nd2 31. a3 Nxf1+ 32. Rxf1 Qd2 33. Nf3 Qe3 34. Qb2 Bxe2 35. Qxe2 Bf4+ 36. Kh4 Qxe2 37. Bxe2 Rc1 38. Rxc1 Rxc1 39. Bb5 Rc3 40. Be2 h6 41. Bd1 Rd3 42. Be2 Rxb3 43. a4 Ra3 44. Bd1 Kf7 45. g5 h5 46. Be2 Rxa4 47. Ng1 0-1

[Event "Mallorca-chT Preferente"]
[Site "Palma de Mallorca"]
[Date "2020.02.22"]
[Round "4.4"]
[White "Castell Cantero, Salvador"]
[Black "Sanabria Macias, Anselmo"]
[Result "1-0"]
[WhiteElo "2167"]
[BlackElo "1860"]
[PlyCount "53"]
[EventDate "2020.02.01"]
[EventType "team-tourn"]
[EventRounds "9"]
[EventCountry "ESP"]
[SourceTitle "CBM 195 Extra"]
[Source "ChessBase"]
[SourceDate "2020.05.31"]
[SourceVersion "1"]
[SourceVersionDate "2020.05.31"]
[SourceQuality "1"]
[WhiteTeam "Agora Megaescacs"]
[BlackTeam "Alcudia"]
[WhiteTeamCountry "ESP"]
[BlackTeamCountry "ESP"]

1. d4 d5 2. c4 e6 3. Nc3 Nf6 4. Bf4 c6 5. e3 Bd6 6. Bg3 Bxg3 7. hxg3 Nbd7 8. Nf3 b6 9. Bd3 dxc4 10. Bxc4 b5 11. Bd3 a6 12. e4 b4 13. Na4 h6 14. Rc1 Bb7 15. b3 Qe7 16. e5 Nd5 17. Qe2 a5 18. Nd2 0-0 19. Ne4 Rab8 20. Bb1 Nc7 21. g4 f5 22. gxf5 exf5 23. Nd6 Qg5 24. 0-0 Ba6 25. Bd3 Nb5 26. f4 Qd8 27. Nxf5 1-0

[Event "Mallorca-chT Preferente"]
[Site "Mallorca"]
[Date "2016.03.09"]
[Round "4.4"]
[White "Castell Cantero, Salvador"]
[Black "Lazarte Anello, David Emiliano"]
[Result "0-1"]
[WhiteElo "2195"]
[BlackElo "2006"]
[PlyCount "88"]
[EventDate "2016.03.01"]
[EventType "team-tourn"]
[EventRounds "9"]
[EventCountry "ESP"]
[SourceTitle "EXT 2024"]
[Source "ChessBase"]
[SourceDate "2023.10.10"]
[SourceVersion "1"]
[SourceVersionDate "2023.10.10"]
[SourceQuality "1"]
[WhiteTeam "Sa Creu Petra"]
[BlackTeam "Blau Escacs Calvia"]
[WhiteTeamCountry "ESP"]
[BlackTeamCountry "ESP"]

1. d4 Nf6 2. Nf3 g6 3. g3 Bg7 4. Bg2 c5 5. d5 d6 6. Nc3 b5 7. 0-0 b4 8. Nb1 Nbd7 9. c4 bxc3 10. Nxc3 0-0 11. h3 Rb8 12. e4 Ne8 13. Qc2 Nc7 14. a4 Na6 15. Re1 Nb4 16. Qd1 c4 17. Bf1 Nd3 18. Bxd3 cxd3 19. Nb5 Nc5 20. Rb1 a5 21. Be3 Nxa4 22. Qxa4 Bd7 23. Nfd4 Bxd4 24. Qxd4 Bxb5 25. Bh6 f6 26. Bxf8 Kxf8 27. Ra1 a4 28. Re3 Qa5 29. Ree1 Qa6 30. b3 a3 31. Qb4 a2 32. Red1 Rc8 33. Rd2 Rc2 34. Kf1 Bd7 35. g4 h5 36. f3 hxg4 37. fxg4 Qa7 38. Rxc2 dxc2 39. Qc3 Bb5+ 40. Ke1 Qg1+ 41. Kd2 Qb1 42. b4 Kf7 43. h4 c1Q+ 44. Qxc1 Qd3+ 0-1

[Event "Mallorca-chT Primera"]
[Site "Palma de Mallorca"]
[Date "2012.03.10"]
[Round "6.1"]
[White "Ripoll Marques, Antonio"]
[Black "Castell Cantero, Salvador"]
[Result "0-1"]
[WhiteElo "2028"]
[BlackElo "2123"]
[PlyCount "73"]
[EventDate "2012.01.28"]
[EventType "team"]
[EventRounds "9"]
[EventCountry "ESP"]
[SourceTitle "EXT 2014"]
[Source "ChessBase"]
[SourceDate "2013.11.20"]
[SourceVersion "1"]
[SourceVersionDate "2013.11.20"]
[SourceQuality "1"]

1. d4 Nf6 2. Bg5 Ne4 3. Bf4 c5 4. f3 Nf6 5. d5 e6 6. Nc3 Qb6 7. Rb1 d6 8. e4 e5 9. Be3 Qa5 10. Bb5+ Nbd7 11. Nh3 a6 12. Bd3 Be7 13. 0-0 Nf8 14. Nf2 Ng6 15. a3 Qd8 16. b4 b6 17. b5 a5 18. a4 h5 19. Ne2 h4 20. f4 exf4 21. Nxf4 Ne5 22. Be2 Ng8 23. N2d3 Bg5 24. Bc1 Qe7 25. Nxe5 Qxe5 26. Bg4 Nf6 27. Bxc8 Rxc8 28. Bb2 Qe7 29. Qf3 0-0 30. Nh3 Nd7 31. Nxg5 Qxg5 32. Qf4 Qe7 33. Rbe1 Rce8 34. Kh1 f5 35. Rf3 fxe4 36. Qg4 Nf6 37. Rfe3 0-1

[Event "Calvia Amateur op 8th"]
[Site "Calvia"]
[Date "2011.10.15"]
[Round "8"]
[White "Perez Lopez, Jesus Maria"]
[Black "Castell Cantero, Salvador"]
[Result "1-0"]
[WhiteElo "2280"]
[BlackElo "2095"]
[PlyCount "93"]
[EventDate "2011.10.08"]
[EventType "swiss"]
[EventRounds "9"]
[EventCountry "ESP"]
[SourceTitle "CBM 144 Extra"]
[Source "ChessBase"]
[SourceDate "2011.10.28"]
[SourceVersion "1"]
[SourceVersionDate "2011.10.28"]
[SourceQuality "1"]

1. d4 Nf6 2. c4 g6 3. Nc3 Bg7 4. e4 d6 5. f3 Nbd7 6. Nh3 a6 7. Nf2 c5 8. d5 b5 9. cxb5 Qa5 10. Bd2 0-0 11. a4 Bb7 12. Be2 Rfb8 13. 0-0 Ne8 14. Qc2 Qd8 15. Ng4 Bd4+ 16. Kh1 Nc7 17. Ne3 axb5 18. axb5 Nb6 19. Nc4 Bxc3 20. bxc3 Nxb5 21. Na5 Na7 22. c4 Qc7 23. Bc3 Nd7 24. f4 Nc8 25. Bg4 Ncb6 26. Qf2 Nf6 27. Bf3 Ba6 28. e5 Ne8 29. Be2 Bc8 30. Qh4 e6 31. exd6 Qxd6 32. Be5 Qd7 33. Bxb8 Rxb8 34. Nc6 Rb7 35. Nd8 Rc7 36. dxe6 fxe6 37. Rfd1 Qg7 38. Bg4 Re7 39. Qf2 Nxc4 40. Qxc5 Rc7 41. Qd4 Qe7 42. Bf3 Ned6 43. Nc6 Qg7 44. Ne5 Bd7 45. Ra8+ Bc8 46. Nxc4 Nxc4 47. Qd8+ 1-0

[Event "Calvia Amateur op 8th"]
[Site "Calvia"]
[Date "2011.10.13"]
[Round "6"]
[White "Saez Gabikagogeaskoa, Oscar"]
[Black "Castell Cantero, Salvador"]
[Result "0-1"]
[WhiteElo "1995"]
[BlackElo "2095"]
[PlyCount "94"]
[EventDate "2011.10.08"]
[EventType "swiss"]
[EventRounds "9"]
[EventCountry "ESP"]
[SourceTitle "CBM 144 Extra"]
[Source "ChessBase"]
[SourceDate "2011.10.28"]
[SourceVersion "1"]
[SourceVersionDate "2011.10.28"]
[SourceQuality "1"]

1. e4 c5 2. c3 d5 3. exd5 Qxd5 4. d4 cxd4 5. Nf3 Nc6 6. cxd4 Bg4 7. Be2 e6 8. 0-0 Nf6 9. h3 Bh5 10. Nc3 Qa5 11. Qb3 Qb6 12. Qxb6 axb6 13. g4 Bg6 14. Bb5 Bd6 15. Ne5 Rc8 16. Bf4 Ke7 17. Rad1 Rhd8 18. Bg3 Bc2 19. Rd2 Bxe5 20. Bxc6 Bxg3 21. Bxb7 Bf4 22. Rxc2 Rc7 23. Bg2 Rxd4 24. Re2 Rcd7 25. Bc6 Rd8 26. a4 Bd2 27. Ne4 Nxe4 28. Rxe4 Rxe4 29. Bxe4 Rd4 30. Bc2 Bb4 31. Rd1 Rc4 32. Bb3 Re4 33. Rc1 Bc5 34. Bc4 Rf4 35. Rc2 Bxf2+ 36. Kg2 Bc5 37. b3 f5 38. Re2 fxg4 39. Bxe6 gxh3+ 40. Kxh3 Kf6 41. Bc4 h5 42. Re6+ Kf5 43. Re8 g5 44. Rh8 Rf3+ 45. Kg2 Rf2+ 46. Kg1 Kg4 47. Be6+ Kg3 0-1

[Event "ESP-chT Autonomicas 5th"]
[Site "Tossa de Mar"]
[Date "2010.05.02"]
[Round "6.55"]
[White "Castell Cantero, Salvador"]
[Black "Marcos Pinto, Luis"]
[Result "1-0"]
[WhiteElo "1945"]
[BlackElo "2186"]
[PlyCount "93"]
[EventDate "2010.04.29"]
[EventType "team-swiss"]
[EventRounds "6"]
[EventCountry "ESP"]
[SourceTitle "CBM 136 Extra"]
[Source "ChessBase"]
[SourceDate "2010.07.02"]
[SourceVersion "2"]
[SourceVersionDate "2010.07.15"]
[SourceQuality "1"]
[WhiteTeam "Baleares"]
[BlackTeam "Asturias"]
[WhiteTeamCountry "ESP"]
[BlackTeamCountry "ESP"]

1. d4 d5 2. c4 c6 3. Nc3 Nf6 4. Bg5 Ne4 5. Nxe4 dxe4 6. Qd2 Bf5 7. e3 Nd7 8. Ne2 h6 9. Bh4 Qb6 10. Nc3 e6 11. Be2 Bb4 12. 0-0 0-0 13. Rfd1 Rfe8 14. Qc2 Bxc3 15. Qxc3 Rac8 16. b4 Nf8 17. h3 Ng6 18. Bg3 Qd8 19. Bh5 Qg5 20. Bxg6 Qxg6 21. c5 h5 22. Kh2 Qh6 23. Qa3 a6 24. Qa5 g5 25. Bd6 Red8 26. Qb6 Rd7 27. a4 Qf6 28. b5 axb5 29. axb5 Bxh3 30. Rd2 Bxg2 31. Kxg2 Qf3+ 32. Kh2 h4 33. bxc6 Rxc6 34. Qb1 g4 35. Qh1 Qf5 36. Qg2 f6 37. Ra8+ Kh7 38. Ra7 Ra6 39. Rxa6 bxa6 40. Rc2 a5 41. c6 Rd8 42. c7 Rc8 43. Rc5 Qg6 44. Rb5 f5 45. Rb8 Qe8 46. Rxc8 Qxc8 47. Qf1 1-0